| 000 | 00731nam a2200241 i 4500 | ||
|---|---|---|---|
| 999 |
_c3556 _d3556 |
||
| 001 | 2688298 | ||
| 003 | GBCCL | ||
| 005 | 20241126110457.0 | ||
| 008 | 750612s1975 txu 000 0 eng | ||
| 010 | _a 75006207 | ||
| 020 | _a089038021X | ||
| 040 |
_aDLC _cDLC _dDLC |
||
| 050 | 0 | 0 |
_aBX6333.D68 _bS29 |
| 082 | 0 | 0 |
_a252.061 _bDRA |
| 100 | 1 |
_aDraper, James T. _91008 |
|
| 245 | 1 | 0 |
_aSay neighbor--your house is on fire! / _cBy James T. Draper, Jr. ; with foreword by Cliff Barrows. |
| 260 |
_aDallas : _bCrescendo Book Publications, _c[1975] |
||
| 300 |
_a190 p. ; _c21 cm. |
||
| 650 | 0 |
_aBaptists _xSermons. _91091 |
|
| 650 | 0 |
_aSermons, American. _9270 |
|
| 906 |
_a7 _bcbc _corignew _d2 _eocip _f19 _gy-gencatlg |
||
| 942 |
_2ddc _cBK |
||